| 000 | 00372nam a2200157Ia 4500 | ||
|---|---|---|---|
| 005 | 20241217103214.0 | ||
| 008 | 231217s9999 xx 000 0 und d | ||
| 020 | _a9798174464827 | ||
| 082 | _a645.0268 GUL1;1 | ||
| 100 | _aGulshan, S S. | ||
| 245 | 0 | _aBusiness law | |
| 250 | _a3rd ed. | ||
| 260 |
_c2006 _bExell Books _aNew Delhi |
||
| 300 | _aix+723 | ||
| 942 | _cAA | ||
| 999 |
_c179461 _d179461 |
||